Fundamentos de derecho tributario

Detalles Bibliográficos
Autor principal: Přez de Ayala, Jos ̌Luis
Otros Autores: Přez de Ayala Becerril, Miguel (coaut.)
Formato: Desconocido
Lenguaje:español
Publicado: Madrid : Ganseliesel, 2008
Materias:
Acceso en línea:Texto completo (Vlex)

MARC

LEADER 00000ny a22000003n 4500
005 20110609104733.0
008 080613s2008 sp s 000 0 spa c
020 |a 9788493580605 
035 |a 2356 
040 |a BUS  |d vLex 
080 |a 351.713(460)(0.034) 
090 |c 591  |d 591 
100 1 |a Přez de Ayala, Jos ̌Luis 
245 1 0 |a Fundamentos de derecho tributario  |h [Recurso electrn̤ico]  |c Jos ̌Luis Přez de Ayala, Miguel Přez de Ayala Becerril 
256 |a Servicio en ln̕ea 
260 |a Madrid :  |b Ganseliesel,  |c 2008 
300 |a p. ;  |c cm 
506 1 |a Contenido solo disponible en los productos indicados  |d vLex Global  |d vLex Global (Academic Edition, excluding Law Schools)  |d vLex Global (U.S. Academic Edition, Law Schools)  |d vLex Global (U.S. Academic Edition, excluding Law Schools)  |d vLex Global (Academic Edition, Law Schools) 
650 0 7 |a Tributario  |2 Tesauro vLex 
650 0 7 |2 Tesauro vLex  |a Derecho tributario 
700 1 |a Přez de Ayala Becerril, Miguel,  |e coaut. 
740 0 |a vLex Libros (Servicios en ln̕ea) 
856 4 0 |z Texto completo (Vlex)  |u http://vlex.com/source/derecho-tributario-fundamentos-2356 
942 |c BOOK 
999 0 |a Taxation  |b Madrid